[Event "Ruhrgebiet VK2 0304"]
[Site "Ruhrgebiet"]
[Date "2004.01.11"]
[Round "5.8"]
[White "Koehler, Henrik"]
[Black "Bernhard, Alfred"]
[Result "0-1"]
[WhiteElo "1637"]
[BlackElo "1911"]
[PlyCount "124"]
[EventDate "2003.09.28"]
[EventType "team"]
[EventRounds "9"]
[EventCountry "GER"]
[SourceTitle "EXT 2007"]
[Source "ChessBase"]
[SourceDate "2006.11.23"]
[SourceVersion "1"]
[SourceVersionDate "2006.11.23"]
[SourceQuality "1"]
[WhiteTeam "Gerthe"]
[BlackTeam "Oberhausen II"]
[WhiteTeamCountry "GER"]
[BlackTeamCountry "GER"]

1. d4 e6 2. Bf4 Nf6 3. Nf3 Be7 4. e3 d6 5. Nbd2 Nbd7 6. Bd3 a6 7. c3 Nh5 8. Bg3 g6 9. Qe2 f5 10. Bc4 Nb8 11. Bb3 Nc6 12. Rd1 Na5 13. Bc2 b5 14. b4 Nb7 15. Nb3 c6 16. Rc1 Bd7 17. 0-0 0-0 18. Bf4 Kg7 19. h3 Nxf4 20. exf4 Bf6 21. Rfe1 Re8 22. Qd3 Qc7 23. Bb1 Rad8 24. Re2 c5 25. Qd2 Bc6 26. Nh2 Bd5 27. Rce1 cxb4 28. cxb4 Rc8 29. Nc1 Qb6 30. Rd1 Bxd4 31. Nd3 Bc3 32. Qe3 Qxe3 33. fxe3 Bc4 34. a3 a5 35. bxa5 Nxa5 36. Nf3 h6 37. Nfe1 Nc6 38. Rc1 Ba5 39. Rec2 Bb6 40. Kf2 Ra8 41. Nb4 Ne7 42. Rc3 Ra7 43. Bd3 d5 44. Nf3 Rea8 45. Bxc4 bxc4 46. Nc2 Nc6 47. Rb1 Ba5 48. Nb4 Rb7 49. Rbc1 Bxb4 50. axb4 Rxb4 51. Ke2 Ra2+ 52. R1c2 Rbb2 53. Rxb2 Rxb2+ 54. Kf1 Ra2 55. Rc1 Na5 56. Nd4 Nb3 57. Nxb3 cxb3 58. Rb1 Ra3 59. Ke2 g5 60. g3 gxf4 61. gxf4 Kg6 62. Kf3 Kh5 0-1